000 00523nam a22002057a 4500
003 OSt
005 20140310181922.0
008 130718t xxu||||| |||| 00| 0 eng d
020 _a079353416X
050 _aML 44
_b.L763 1994
082 _aTR 782.42
_bW17 1994
245 _aThe Lion King /
260 _aMilwaukee, WI :
_bHal Leonard Corporation,
_cc1994.
300 _a72 p. :
_c31 cm.
_bcol. ill. ;
521 _aFaculty
541 _j1
562 _e1
650 _2Songs
942 _2lcc
_cBK-TR
_kTR
999 _c7028
_d7028